Hoá học vô cơ T.1 Lí thuyết đại cương về hoá học
Những khái niệm cơ bản trong hoá học, cấu tạo nguyên tử, phân tử, cấu tạo chất, sự biến đổi tuần hoàn tính chất các nguyên tố. Nhiệt hoá học và nhiệt động hoá học, cân bằng hoá học
Đã lưu trong:
| Hovedforfatter: | |
|---|---|
| Format: | Bog |
| Sprog: | Vietnamese |
| Udgivet: |
H.
Giáo dục
1999
|
| Udgivelse: | Tái bản lần thứ 1, có sửa chữa và bổ sung |
| Fag: | |
| Tags: |
Tilføj Tag
Ingen Tags, Vær først til at tagge denne postø!
|
| Thư viện lưu trữ: | Mạng thư viện Đại học Đà Nẵng |
|---|
| LEADER | 01687nam a22004458a 4500 | ||
|---|---|---|---|
| 001 | 000008457 | ||
| 003 | 4646 | ||
| 005 | 20111018081014.0 | ||
| 008 | 111018s1999 b 000 0 vieod | ||
| 020 | |c 24500đ |d 3500b | ||
| 041 | 0 | |a vie | |
| 080 | |a 540(075.3) | ||
| 082 | |a 546 |b HO-N | ||
| 084 | |a D1,2z73 |b H400á | ||
| 100 | 1 | |a Hoàng Nhâm | |
| 245 | 1 | 0 | |a Hoá học vô cơ |c Hoàng Nhâm |n T.1 |p Lí thuyết đại cương về hoá học |
| 250 | |a Tái bản lần thứ 1, có sửa chữa và bổ sung | ||
| 260 | |a H. |b Giáo dục |c 1999 | ||
| 300 | |a 276tr : hình vẽ |c 27cm | ||
| 505 | |a T.1: Lí thuyết đại cương về hoá học | ||
| 520 | |a Những khái niệm cơ bản trong hoá học, cấu tạo nguyên tử, phân tử, cấu tạo chất, sự biến đổi tuần hoàn tính chất các nguyên tố. Nhiệt hoá học và nhiệt động hoá học, cân bằng hoá học | ||
| 653 | |a Hoá học vô cơ | ||
| 653 | |a Giáo trình | ||
| 653 | |a Nhiệt động hoá học | ||
| 653 | |a Phân tử | ||
| 653 | |a Dung địch | ||
| 653 | |a Động hoá học | ||
| 653 | |a Nguyên tử | ||
| 773 | |t Hoá học vô cơ |w 4647 | ||
| 910 | |a Nguyễn Thị Kim Oanh |d 18/10/2011 | ||
| OWN | |a LSP | ||
| AVA | |a UDN50 |b LSP |d 546 HO-N |e unavailable |t Error 5002 Not defined in file expand_doc_bib_avail. |f 2 |g 2 |h N |i 0 |k 1 | ||
| 999 | |a From the UDN01 | ||
| AVA | |a UDN50 |b LSP |d 546 HO-N |e unavailable |t Error 5002 Not defined in file expand_doc_bib_avail. |f 2 |g 2 |h N |i 0 |k 1 | ||
| TYP | |a Monograph | ||
| TYP | |a Printed language | ||
| 980 | |a Mạng thư viện Đại học Đà Nẵng | ||